Största städerna på K i Asien, enligt bild - Statistics

General Stats
  • This quiz has been taken 2 times
  • The average score is 14 of 20
Answer Stats
Picture Hint Answer % Correct
🇦🇫 4 430 000 Kābul
100%
🇮🇳 2 920 000 Kānpur
100%
🇹🇼 2 730 000 Kaohsiung
100%
🇵🇰 14 880 000 Karāchi
100%
🇯🇵 1 540 000 Kawasaki
100%
🇯🇵 1 530 000 Kōbe
100%
🇭🇰 2 230 000 Kowloon
100%
🇷🇺 1 190 000 Krasnojarsk
100%
🇲🇾 1 590 000 Kuala Lumpur
100%
🇯🇵 1 460 000 Kyōto
100%
🇨🇳 1 190 000 Kāifēng
50%
🇮🇷 1 590 000 Karaj
50%
🇮🇳 2 120 000 Kochi (Cochin)
50%
🇮🇳 1 110 000 Kollam (Quilon)
50%
🇹🇷 1 370 000 Konya
50%
🇮🇳 2 030 000 Kozhikode (Calicut)
50%
🇨🇳 5 270 000 Kūnmíng
50%
🇰🇼 4 200 000 Kuwait
50%
🇮🇳 1 640 000 Kannur (Cannanore)
0%
🇨🇳 1 650 000 Kūnshān
0%
No matching quizzes found
Score Distribution
Percent of People with Each Score
Percentile by Number Answered
Your Score History
You have not taken this quiz